| 000 | 01051nam a2200289 i 4500 | ||
|---|---|---|---|
| 001 | 185859 | ||
| 003 | SpMaBN | ||
| 005 | 20250809233050.0 | ||
| 008 | 160816s2002 sp |||| |dspa d | ||
| 020 | _a84-96095-01-0 | ||
| 080 | _a355.48(44:431)"1870/71"(0:82) | ||
| 080 | _a821.133.1-34"18" | ||
| 100 | 0 |
_aBloy, Léon, _d1846-1917 _929573 |
|
| 245 | 1 | 0 |
_aCuentos de guerra / _cLéon Bloy ; edición, selección y traducción de Luis Cayo Pérez Bueno. |
| 250 | _a1ª ed. | ||
| 260 |
_aBarcelona : _bEl Cobre, _c2002. |
||
| 300 |
_a169 p. ; _c21 cm. |
||
| 490 | 1 |
_aClásicos de la diversidad ; _v1 |
|
| 505 | 8 |
_aContiene: ; _t"León Bloy, el raro" / _rpor Rubén Darío |
|
| 650 | 7 |
_aGuerra franco-prusiana, 1870-1871- _vCuentos. _9160491 |
|
| 700 | 1 |
_aPérez Bueno, Luis Cayo, _d1967- _9157162 |
|
| 700 | 1 |
_aDarío, Rubén, _d1867-1916 _942720 |
|
| 740 | 0 | 2 | _aLeón Bloy, el raro. |
| 830 | 0 |
_aClásicos de la diversidad ; _v1 _9192418 |
|
| 852 |
_aES-MaACL _jL-30558 _z. - Donat. Miguel A. Velasco |
||
| 999 |
_c185859 _d185859 |
||